Quizzes
Events
Quiz Creation
Community
Videos
Private Events
Remove Ads
Sign In
Join for FREE
Feedback
Dark Mode
Quiz Categories
Sports
Geography
Music
Movies
Television
Just For Fun
Miscellaneous
History
Literature
Language
Science
Gaming
Entertainment
Religion
Holiday
For Kids
Quiz Lab
Recent
Popular Today
Quiz Kudos Today
Editor Picks
Curator Picks
Quizzes by...
Day
Popularity
Type
Ratings
Length
Year
Community
Subscriptions
Recent Discussions
Orange Saloon
Badges
Playlists
Quests
Create
Leaderboards
Showdown
Live 5
Trivia Bingo
Activity
Puzzle Library
Sporcle Events
Private Events
Virtual Trivia
Globe League
Become a Host
Pub Owners
SporcleCon
Opinionation
Our Games
Videos
Blog
Mobile Apps
Partnerships
Remove Ads and Go Orange
Feedback
Geography
Country
Landmarks
City
State
Population
World
Capital
Continent
Flags
Europe
Africa
Asia
South America
North America
Oceania
Border
Canada
United Kingdom
Topography
United States
Geography
Country
Landmarks
City
State
Population
World
Capital
Continent
Flags
Europe
Africa
Asia
South America
North America
Oceania
Border
Canada
United Kingdom
Topography
United States
Random Quiz
Search Sporcle
×
Quiz Lab
Quiz Lab
Geography
Type in answers that appear in a list
Type in answers that appear in a list
Classic
Best Score? Go Orange.
Countries and Territories by Info Stats
Can you name the Countries and Territories by Info?
By
NvjdsIsSmart
12m
75 Questions
100 Plays
100 Plays
100 Plays
Comments
Comments
Give Quiz Kudos
Give Quiz Kudos
-
- Ratings
hide this ad
Replay
Link that replays current quiz
Next Quiz
Link to next quiz in quiz playlist
You Got
0%
They Got
Avg Score
43%
Avg Friend Score
Upgrade to see
Score Distribution
Jump to the score distribution portion of the page
Score
0/75
Timer
12:00
0
Plays Today
Name
Answer
% Correct
Vatican City
Italy
83%
Nauru
The Australian,New Zealand, and British Administered U.N. trusteeship
83%
San Marino
Italy
83%
Pitcairn Islands
United Kingdom
81%
Tuvalu
United Kingdom
81%
Monaco
France
81%
Kiribati
United Kingdom
81%
Guernsey
United Kingdom
81%
Niue
1
74%
Nauru
1
74%
Christmas Island
1
74%
Vatican City
1
74%
San Marino
1
74%
Northern Mariana Islands
United States of America
72%
Pitcairn Islands
4
71%
Monaco
2
71%
Christmas Island
Australia
71%
Guernsey
8
71%
Kyrgyzstan
4
71%
Tokelau
3
70%
Tuvalu
10
69%
Vatican City
Vatican City
69%
Tuvalu
9
68%
Monaco
Monaco
67%
Northern Mariana Islands
15
64%
Niue
New Zealand
62%
Tokelau
New Zealand
62%
Pitcairn Islands
1.9
59%
Guernsey
30
59%
San Marino
24
58%
San Marino
San Marino
58%
Faroe Islands
18
57%
Kyrgyzstan
The Soviet Union
56%
Faroe Islands
Denmark
53%
Niue
100
52%
Vatican City
0.17
49%
Kiribati
33
49%
Kyrgyzstan
Bishkek
45%
Name
Answer
% Correct
Pitcairn Islands
48
44%
Christmas Island
52
44%
Tokelau
4.6
43%
Nauru
8.1
39%
Tuvalu
Funafuti
34%
Monaco
0.75
33%
Palau
300-350
31%
Kiribati
Tarawa
29%
Nauru
Yaren(unofficial)
27%
Palau
Melekeok
25%
Pitcairn Islands
Adamstown
24%
Vatican City
876
24%
Tokelau
none
20%
Palau
20000
20%
Faroe Islands
Torshavn
19%
Tokelau
1416
18%
Tuvalu
12373
18%
Christmas Island
1402
18%
Northern Mariana Islands
Saipan
17%
Niue
2,100
16%
Monaco
30586
16%
Nauru
14019
16%
San Marino
31434
16%
Niue
Alofi
12%
Christmas Island
The Settlement
11%
Guernsey
Saint Peter Port
10%
Palau
UN Trust Territory
10%
Kiribati
98000
8%
Northern Mariana Islands
86616
7%
Northern Mariana Islands
179
7%
Kiribati
280
7%
Guernsey
65573
7%
Faroe Islands
48805
7%
Palau
177
7%
Kyrgyzstan
77202
6%
Kyrgyzstan
5482000
4%
Faroe Islands
538
1%
Quiz Playlist
Details
Report
Send in Message
Add To Playlist
Classic:
Type in answers that appear in a list
Last Updated: Feb 16, 2017
Quiz Scoreboard
CHALLENGE
Sign Up to Join the Scoreboard
Show All
Scores
Hide
Comments
May contain spoilers
Recently Published
TV Characters by Other Roles V
by ghcgh
Television
5m
Decade Duel: World Leaders
by jenniferyan
History
4m
Alphabetical 'K' Countries by Flag Minefield
by ylime102
Geography
3m
More to Explore
Quiz From the Vault
Featured Blog Post
15 Basketball Trivia Facts You Can Be March Mad About
hide this ad
You Might Also Like...
Tags
This quiz does not have any tags.
Today's Top Quizzes in Geography
Browse Geography
hide this ad
Top Contributed Quizzes in Geography
1
Countries of the World - No Outlines Minefield
2
'A' Capitals Crossword
3
Countries of the World: 1800
4
Least Populated Answer: 'G' Countries
5
Pick 6: Mountains
6
Alphabetical 'L' Countries By Flag Minefield
7
Pick 6: National Parks
8
Pick 6: US States
9
Alphabetical 'M' Countries By Flag Minefield
10
Lietuvos savivaldybės (Lithuanian Municipalities)
Explore More
Trending Topics
NBA
Marvel
Disney
Anime
Crossword
Kpop
Harry Potter
Puzzle
Song
WWE
Country
Soccer
Pokémon
NFL
The Office
hide this ad
More By:
NvjdsIsSmart
Quiz
Plays
Rating
Category
Featured
Created
Most Populous States Minefield
658,175
4.26
Geography
Jul 1, 2011
Country by Continent/Beginning Letter
277,515
4.74
Geography
Feb 23, 2011
24 Largest Countries Alphabetically
241,682
3.14
Geography
Aug 19, 2011
Most Populous Country A-Z Minefield
146,422
3.80
Geography
Aug 17, 2011
Least Populous States Minefield
115,551
4.33
Geography
Jul 7, 2011
Go to Creator's Profile
Score Distribution
Quiz Creator Spotlight
NvjdsIsSmart
Follow
Send a Message
Quizzes Created
-
Created Quiz Play Count
-
More By This Creator
Popular Quizzes Today
1
Countries of Asia Without Outlines Minefield
2
Find the US States - No Outlines Minefield
3
Pick 6: Fruits
4
The Countries of the World
5
Find the Countries of Europe - No Outlines Minefield
6
Alphabetical 'K' Countries by Flag Minefield
7
Find the US States
8
US States
More Geography Quizzes
Acrostic Abruzzo
Quiz Lab
Trending Quizzes
Pick 6: Mountains
Pick 6: Harry Potter
Pick 6: NFL Teams
Pick 6: Flags
C Names for Actors
Recently Updated
Adaptations: Name the Title
pecheneg
NWSL Teams
pecheneg
Women's Final Four Teams by Year
bhenderson79
Presidents Quartet II
eogle
Anything But Clue(do)
eogle
Anything But Oceanian Capitals
eogle
Anything But 7
eogle
Anything But Thing
eogle
Word Ladder: February 29
pecheneg
Song Title Questions
pecheneg
Trending Topics
Anime
Disney
Crossword
Marvel
NBA
Harry Potter
Kpop
Country
NFL
Song
WWE
The Office
Soccer
Pokémon
Puzzle
Your Account Isn't Verified!
In order to create a playlist on Sporcle, you need to verify the email address you used during registration. Go to your
Sporcle Settings
to finish the process.
Report this User
Report this user for behavior that violates our
Community Guidelines
.
Details:
Send Report
Go to the Sporcle.com Mobile Site →
Comments